| 000 | 00518nam a2200193Ia 4500 | ||
|---|---|---|---|
| 003 | GCL | ||
| 008 | 140319s9999 xx 000 0 eng d | ||
| 040 |
_aGCL / _cGCL |
||
| 082 | 0 | 4 |
_a895.6132 _bR S |
| 100 | 1 | _aRIMER,J THOMAS | |
| 245 | 1 | 0 |
_aSHISENDO, HALL OF THE POETRY IMMORTALS / _cRIMER,J THOMAS |
| 700 | 1 | _aCHAVES, JONATHAN | |
| 260 |
_a[S.N] : _bWEATHERHILL ، _c1991 |
||
| 300 | _a214 P | ||
| 650 | 0 | 4 | _aHISTORY AND CRITICISM |
| 650 | 0 | 4 | _aPOETRY |
| 650 | 0 | 4 | _aISHIKAWA JOZAN 1583 - 1672 |
| 942 |
_2ddc _cBK |
||
| 999 |
_c19142 _d19142 |
||